000 00658nam a2200181 i 4500
001 120150
003 ES-MaACL
005 20251012063047.0
007 t|
008 070214s1970 sp r ||||1| spa d
100 1 _aPérez Vidal, José,
_d1907-1990
_9160934
245 1 0 _aContribución luso-española a la cultura y al léxico azucareros latino-americanos /
_cpor José Pérez Vidal.
260 _aLisboa :
_b[s.n.],
_c1970 (
_fImp. Portuguesa)
300 _a12 p. ;
_c25 cm.
500 _aEs tirada aparte de ` Publicaçoes do XXIX Congreso Luso-Espanhol, tomo III, 1970.
852 _aES-MaACL
_j2087-F-32
_bR.89903
999 _c120150
_d120150